| 000 | 00453nab a2200145Ia 4500 | ||
|---|---|---|---|
| 003 | ES-SlBCS | ||
| 005 | 20210601125455.0 | ||
| 008 | 140529s1987-88 xxu||||| |||| 00| 0 eng d | ||
| 041 | _aeng | ||
| 100 | 1 |
_aGregor, Mary _9159069 |
|
| 245 | 0 | 0 |
_aKant's Theory of Property _c Mary Gregor |
| 600 | 1 | 4 |
_aKant, Immanuel _d, 1724-1804 _xCrítica e interpretación _9103752 |
| 773 | 0 |
_tReview of Methaphysics _gvol. 41, 1987-88, págs. 757-788 _wRev843 |
|
| 942 | _cAR | ||
| 999 |
_c530914 _d530914 |
||